| 000 | 00885cam a2200277 a 4500 | ||
|---|---|---|---|
| 001 | 2469 | ||
| 005 | 20231211112335.0 | ||
| 020 | _a0803727941 | ||
| 020 | _a9780439701792 | ||
| 040 |
_aDLC _cDLC _dDLC _beng |
||
| 050 | 0 | 0 |
_aPZ7.K8527 _bCh 2003 |
| 082 | 0 | 0 |
_a303 _221 |
| 100 | 1 |
_aKoss, Amy Goldman _d1954- |
|
| 245 | 1 | 4 |
_aThe cheat / _cAmy Goldman Koss |
| 250 | _aFirst Scholastic printing, October 2004 | ||
| 260 |
_aNew York : _bScholastic, _c2003 |
||
| 300 |
_a176 pages : _c22 cm |
||
| 505 | _aM | ||
| 520 | _aWhen Sarah gets her hands on the answers to the eighth-grade geography midterm and decides to share them with some other students, the consequences are far-ranging. | ||
| 521 |
_a620 _bLexile |
||
| 521 |
_aM _bRaz-Plus |
||
| 650 | 1 |
_aCheating _vFiction. |
|
| 650 | 1 |
_aSchools _vFiction. |
|
| 906 |
_a7 _bcbc _corignew _d1 _eocip _f20 _gy-gencatlg |
||
| 942 |
_2ddc _cBK _n0 |
||
| 999 |
_c2469 _d2469 |
||